<?xml version="1.0" encoding="UTF-8"?>
<record
    xmlns:xsi="http://www.w3.org/2001/XMLSchema-instance"
    xsi:schemaLocation="http://www.loc.gov/MARC21/slim http://www.loc.gov/standards/marcxml/schema/MARC21slim.xsd"
    xmlns="http://www.loc.gov/MARC21/slim">

  <leader>01835nam a22004097a 4500</leader>
  <controlfield tag="008">151116b        xxu||||| |||| 00| 0 eng d</controlfield>
  <datafield tag="020" ind1=" " ind2=" ">
    <subfield code="a">9789589112267</subfield>
  </datafield>
  <datafield tag="082" ind1=" " ind2=" ">
    <subfield code="a">069.07</subfield>
    <subfield code="b">M986m</subfield>
  </datafield>
  <datafield tag="245" ind1=" " ind2=" ">
    <subfield code="a">Museo + comunidad. Arte, espacio p&#xFA;blico y memoria</subfield>
  </datafield>
  <datafield tag="246" ind1=" " ind2=" ">
    <subfield code="a">Museo m&#xE1;s Comunidad</subfield>
  </datafield>
  <datafield tag="260" ind1=" " ind2=" ">
    <subfield code="a">Medell&#xED;n: </subfield>
    <subfield code="b">Fundaci&#xF3;n Pr&#xED;ncipe Claus para la Cultura y el Desarrollo</subfield>
    <subfield code="c">2015</subfield>
  </datafield>
  <datafield tag="300" ind1=" " ind2=" ">
    <subfield code="a">[sin numeraci&#xF3;n]</subfield>
    <subfield code="b">ill. (col.)</subfield>
    <subfield code="c">18 cm.</subfield>
  </datafield>
  <datafield tag="505" ind1=" " ind2=" ">
    <subfield code="t">Construcci&#xF3;n de sentidos = Construction of senses</subfield>
    <subfield code="t">De museo comunitario a Museo + Comunidad = From Community Museum to Museum + Community</subfield>
    <subfield code="t">De salas de exposiciones a espacios de hospitalidad = From exhibition galleries to hospitality spaces</subfield>
    <subfield code="t">La historia contada por sus protagonistas = The story told by its protagonists</subfield>
  </datafield>
  <datafield tag="650" ind1=" " ind2=" ">
    <subfield code="a">Museo de Antioqu&#xED;a</subfield>
    <subfield code="9">4124</subfield>
  </datafield>
  <datafield tag="650" ind1=" " ind2=" ">
    <subfield code="a">Colecciones</subfield>
    <subfield code="v">Exhibiciones</subfield>
    <subfield code="9">4125</subfield>
  </datafield>
  <datafield tag="650" ind1=" " ind2=" ">
    <subfield code="a">Educaci&#xF3;n</subfield>
    <subfield code="v">Investigaci&#xF3;n-vinculaci&#xF3;n</subfield>
    <subfield code="9">4126</subfield>
  </datafield>
  <datafield tag="650" ind1=" " ind2=" ">
    <subfield code="a">Comunidad- Acci&#xF3;n Social</subfield>
    <subfield code="v">Arte</subfield>
    <subfield code="9">4127</subfield>
  </datafield>
  <datafield tag="650" ind1=" " ind2=" ">
    <subfield code="a">Arte Contempor&#xE1;neo</subfield>
    <subfield code="9">977</subfield>
  </datafield>
  <datafield tag="650" ind1=" " ind2=" ">
    <subfield code="a">Arte</subfield>
    <subfield code="z">Colombia</subfield>
    <subfield code="9">3490</subfield>
  </datafield>
  <datafield tag="700" ind1=" " ind2=" ">
    <subfield code="a">Chac&#xF3;n, Carolina [Curadora]</subfield>
    <subfield code="9">4128</subfield>
  </datafield>
  <datafield tag="700" ind1=" " ind2=" ">
    <subfield code="a">Jim&#xE9;nez, Carlos Mario</subfield>
    <subfield code="9">4129</subfield>
  </datafield>
  <datafield tag="700" ind1=" " ind2=" ">
    <subfield code="a">Jaramillo Restrepo, Ana Piedad</subfield>
    <subfield code="9">4130</subfield>
  </datafield>
  <datafield tag="700" ind1=" " ind2=" ">
    <subfield code="a">Rend&#xF3;n, Edwin</subfield>
    <subfield code="9">4131</subfield>
  </datafield>
  <datafield tag="700" ind1=" " ind2=" ">
    <subfield code="a">Echavarr&#xED;a Vanegas, Elizabeth</subfield>
    <subfield code="9">4132</subfield>
  </datafield>
  <datafield tag="700" ind1=" " ind2=" ">
    <subfield code="a">Arredondo, Andr&#xE9;s</subfield>
    <subfield code="9">4133</subfield>
  </datafield>
  <datafield tag="700" ind1=" " ind2=" ">
    <subfield code="a">Cano, Cesar Augusto</subfield>
    <subfield code="9">4134</subfield>
  </datafield>
  <datafield tag="700" ind1=" " ind2=" ">
    <subfield code="a">Henao, David Gonzalo</subfield>
    <subfield code="9">4135</subfield>
  </datafield>
  <datafield tag="700" ind1=" " ind2=" ">
    <subfield code="a">Henao Holgu&#xED;n, Diana</subfield>
    <subfield code="9">4136</subfield>
  </datafield>
  <datafield tag="700" ind1=" " ind2=" ">
    <subfield code="a">Restrepo, Lida Elena</subfield>
    <subfield code="9">4137</subfield>
  </datafield>
  <datafield tag="700" ind1=" " ind2=" ">
    <subfield code="a">Oquendo, Sandra</subfield>
    <subfield code="9">4138</subfield>
  </datafield>
  <datafield tag="700" ind1=" " ind2=" ">
    <subfield code="a">Mar&#xED;n Amariles, Sara [Fotograf&#xED;a]</subfield>
    <subfield code="9">4139</subfield>
  </datafield>
  <datafield tag="700" ind1=" " ind2=" ">
    <subfield code="a">Kupstys Chica, Mateo [Fotograf&#xED;a]</subfield>
    <subfield code="9">4140</subfield>
  </datafield>
  <datafield tag="710" ind1=" " ind2=" ">
    <subfield code="a">Museo de Antioqu&#xED;a</subfield>
    <subfield code="9">4141</subfield>
  </datafield>
  <datafield tag="710" ind1=" " ind2=" ">
    <subfield code="a">Colectivo Antena Mutante</subfield>
    <subfield code="9">4142</subfield>
  </datafield>
  <datafield tag="710" ind1=" " ind2=" ">
    <subfield code="a">Colectivo Leng&#xFC;ita Producciones</subfield>
    <subfield code="9">4143</subfield>
  </datafield>
  <datafield tag="710" ind1=" " ind2=" ">
    <subfield code="a">Colectivo Tranv&#xED;a Cero</subfield>
    <subfield code="9">4144</subfield>
  </datafield>
  <datafield tag="999" ind1=" " ind2=" ">
    <subfield code="c">774</subfield>
    <subfield code="d">774</subfield>
  </datafield>
  <datafield tag="952" ind1=" " ind2=" ">
    <subfield code="0">0</subfield>
    <subfield code="1">0</subfield>
    <subfield code="2">ddc</subfield>
    <subfield code="4">0</subfield>
    <subfield code="7">0</subfield>
    <subfield code="a">LV</subfield>
    <subfield code="b">LV</subfield>
    <subfield code="c">Colectivas</subfield>
    <subfield code="d">2015-11-16</subfield>
    <subfield code="l">0</subfield>
    <subfield code="o">069.07 M986m</subfield>
    <subfield code="p">004123</subfield>
    <subfield code="r">2015-11-16 00:00:00</subfield>
    <subfield code="w">2015-11-16</subfield>
    <subfield code="y">01</subfield>
  </datafield>
</record>
